| 000 | 00568nam a22001577a 4500 | ||
|---|---|---|---|
| 005 | 20120319115618.0 | ||
| 020 | _c00.00 | ||
| 035 | _aB-88277 | ||
| 037 |
_aDPL _bENG |
||
| 100 |
_aJain, Nagraj _943913 |
||
| 245 |
_aRelationship - 2 : _bThe art and philosophy of existence / _cby Nagraj Jain |
||
| 260 |
_aMumbai _bP.N. Jain _c2002 |
||
| 300 |
_a246p. _c16 cms. |
||
| 942 |
_2ddc _cEN _h181.4 _mJAI |
||
| 999 |
_c64120 _d64120 |
||